Le temps - tayc - Statistiques

Statistiques générales
  • Ce quiz a été pris 335 fois
  • Le résultat moyen est 177 sur 237
Statistiques - réponses
Réponse % Correct
le
100%
Le
100%
te
100%
temps
99%
a
98%
à
98%
m'a
98%
Ne
98%
ne
98%
Oh
98%
Oh
98%
réparé
97%
avant
95%
comme
95%
soigné
95%
de
94%
Plus
94%
plus
94%
rien
94%
pas
92%
que
92%
déjà
91%
mon
91%
n'est
91%
gaspille
90%
vent
90%
un
89%
me
88%
bien
87%
tourné
87%
quelqu'un
86%
su
86%
tu
86%
Tu
86%
une
86%
84%
la
84%
autre
83%
va
79%
et
78%
Et
78%
soigner
77%
laissé
76%
sans
76%
Sans
76%
Toi
75%
toi
75%
mot
74%
qui
72%
ton
71%
ce
70%
ai
69%
laisser
69%
maintenant
69%
disparais
68%
je
67%
enfin
65%
reviens
65%
T’as
65%
t'as
65%
retourner
64%
avec
63%
lui
63%
celui
62%
Celui
62%
enfant
62%
fait
62%
joué
62%
aimé
61%
coeur
61%
Partir
61%
donné
60%
m'as
60%
parler
59%
fais
58%
fuir
58%
retrouver
58%
as
57%
espères
57%
préferé
56%
tout
55%
veux
55%
ça
53%
faut
52%
c'est
51%
croire
51%
les
51%
Moi
51%
gaspiller
50%
goût
50%
J't'ai
50%
poison
50%
qu'il
50%
t'ai
50%
tes
50%
raison
49%
j'n'ai
47%
passer
47%
perdu
47%
dos
46%
J'en
45%
l'eau
45%
prêté
44%
aucun
43%
jeté
43%
phrases
42%
Pour
42%
toutes
42%
yeah
42%
meilleures
40%
remords
40%
non
38%
accro
37%
dois
37%
l'impression
37%
on
36%
devoir
35%
j'avais
35%
supplier
35%
caler
34%
J'étais
34%
34%
devenu
33%
reprendre
31%
quelque chose
30%
arrêté
29%
s'est
28%
m'entendre
25%
Aucun quiz correspondant
Distribution des résultats
% des personnes avec chaque résultat
Percentile par nombre de réponses
Votre historique - résultats
Vous n’avez pas pris ce quiz